Chelsea - Tous les joueurs (2020-) - Statistiques

Statistiques générales
  • Ce quiz a été pris 299 fois
    133 depuis la dernière actualisation
  • Le résultat moyen est 42 sur 68
Statistiques - réponses
Saisons Nationalité Joueur Nb de matchs % Correct
2020-2023 Allemagne Kai Havertz 91
97%
2020-2023 France N'Golo Kanté 63
97%
2023- France Axel Disasi 31
96%
2020-2023 Etats-Unis Christian Pulisic 73
96%
2020-2023 Croatie Mateo Kovacic 79
96%
2022- France Benoît Badiashile 26
95%
2022- Argentine Enzo Fernandez 46
95%
2023- Equateur Moises Caicedo 32
95%
2020- Brésil Thiago Silva 110
95%
2020-2023 Italie Jorginho 75
94%
2020- Angleterre Reece James 82
94%
2020-2023 Sénégal Edouard Mendy 75
91%
2020-2023 Maroc Hakim Ziyech 64
91%
2022- Ukraine Mykhailo Mudryk 44
91%
2023- Sénégal Nicolas Jackson 32
89%
2020-2022 Allemagne Timo Werner 56
87%
2020-2023 Espagne César Azpilicueta 78
86%
2020-2023 Espagne Kepa Arrizabalaga 40
86%
2023- France Malo Gusto 24
86%
2022- Espagne Marc Cucurella 42
86%
2020-2023 Angleterre Mason Mount 92
86%
2022-2023 Gabon Pierre-Emerick Aubameyang 15
85%
2020- Angleterre Ben Chilwell 70
84%
2020-2022 Allemagne Antonio Rüdiger 53
83%
2023- Angleterre Cole Palmer 30
82%
2023- Espagne Robert Sanchez 16
81%
2022-2023 Côte d'Ivoire David Datro Fofana 3
79%
2022- France Wesley Fofana 15
79%
2022- Albanie Armando Broja 25
78%
2022- Angleterre Noni Madueke 32
77%
2020-2022 Danemark Andreas Christensen 36
76%
2022-2023 Sénégal Kalidou Koulibaly 23
74%
2022- Angleterre Raheem Sterling 56
73%
2023- France Christopher Nkunku 8
70%
2022- Angleterre Conor Gallagher 69
69%
2021-2022 Belgique Romelu Lukaku 26
68%
2020-2021 France Olivier Giroud 17
64%
2022-2023 Portugal Joao Félix 16
61%
2023- Serbie Djordje Petrovic 20
59%
2023- Belgique Roméo Lavia 1
58%
2020-2022 Espagne Marcos Alonso 41
57%
2023- Angleterre Levi Colwill 23
53%
2020-2021 Angleterre Tammy Abraham 22
50%
2020-2023 Angleterre Ruben Loftus-Cheek 50
49%
2021- Angleterre Trevoh Chalobah 55
49%
2020-2021 Ecosse Billy Gilmour 5
46%
2020-2022 Italie Emerson 3
46%
2022-2023 Suisse Denis Zakaria 7
44%
2020-2022 Angleterre Callum Hudson-Odoi 38
42%
2022- Angleterre Carney Chukwuemeka 23
40%
2020-2021 France Kurt Zouma 24
39%
2023- France Lesley Ugochukwu 10
36%
2021-2022 France Malang Sarr 8
35%
2023- Italie Cesare Casadei 9
34%
2023-2024 Pays-Bas Ian Maatsen 12
33%
2020-2022 Angleterre Ross Barkley 8
32%
2020-2021 Angleterre Fikayo Tomori 1
31%
2022-2023 Angleterre Lewis Hall 9
31%
2022-2023 Jamaïque Omari Hutchinson 1
26%
2021-2022 Espagne Saul Niguez 10
26%
2020-2021 Argentine Willy Caballero 1
26%
2023- Brésil Deivid Washington 2
25%
2023- Angleterre Alfie Gilchrist 11
19%
2021-2022 Brésil Kenedy 1
16%
2023- Angleterre Josh Acheampong 1
9%
2023-2024 Angleterre Alex Matos 1
4%
2023- Finlande Jimi Tauriainen 1
4%
2023-2024 Angleterre Mason Burstow 2
2%
Aucun quiz correspondant
Distribution des résultats
% des personnes avec chaque résultat
Percentile par nombre de réponses
Votre historique - résultats
Vous n’avez pas pris ce quiz depuis la dernière actualisation